00817 2200289 4500001002100000005001700021008004100038020001800079035002400097082001000121090001500131245008600146250001000232260004100242300003100283500006500314650002200379700001800401700001800419700001500437850001500452980001500467985000600482986000900488999001500497999001500512YOGYA-0209000003706520090227025215.0 ind  a979-416-577-8 0010-020900000037065 a323.4 a323.4bHak aHAK asasi manusiaceditor, George Clack dan Kathleen Hug ; penerjemah, A. Hermaya aCet.1 aJakartabPustaka Sinar Harapanc1998 aviii, 151 hlmbilusc21 cm aJudul asli : Introduction to human rightsbBibliografi : hlm aHak Azasi Manusia aClack, George aHug, kathleen aHermaya, A aYOPDYOG(B) a04-11-2006 a2 aMrbd a05B0009195 a05B0009196